000 00727cam a22002533a 4500
001 21639
003 PGUSA
005 20140828083448.0
008 070529s2007||||xxu|||||s|||||000 1 eng d
040 _aPGUSA
_beng
042 _adc
050 4 _aPS
100 1 _aWebster, Jean,
_d1876-1916
245 1 0 _aWhen Patty Went to College
_h[electronic resource] /
_cJean Webster
260 _bProject Gutenberg,
_c2007
506 _aPublic domain in the USA.
516 _aElectronic text
653 _aCollege students -- Fiction
653 _aCollege stories
700 1 _aWilliams, C. D.
_q(Charles D.),
_d1875-1954
830 0 _aProject Gutenberg
_v21639
856 4 0 _uhttp://www.gutenberg.org/ebooks/21639
942 _cEB
999 _c250894
_d250894